Лекарствена терапия (Запис номер 124102)
[ съкратено ]
| 000 -Лидер | |
|---|---|
| Контролно поле с фиксирана дължина | nam a22 a 4500 |
| 003 - Код на организацията, давaща контролен номер | |
| Контролно поле | BLK |
| 005 - Дата и час на последна редакция | |
| Контролно поле | 20211013100706.0 |
| 008 - Елементи от данни с фиксирана дължина | |
| fixed length control field | 180409b bul|||||r ||||||| ||bul|| |
| 010 ## - Наследен системен номер | |
| LC control number | KNG00129765000 |
| 040 ## - Източник на каталожния запис | |
| Идентификатор на билиотеката - собственик на записа | BLK |
| 041 ## - Код за език | |
| Код за езика на текст/звукозапис или на отделно заглавие | Български |
| Код за езика КДБФ | Български |
| 080 ## - УДК | |
| Текстов определител УДК | Клинична фармакология. Прилагане на лекарства - Пътища и методи на въвеждане на лекарства, показания, неоправдан прием на лекарства, увлечение по вземане на лекарства, клинично изучаване на нови |
| УДК код - определител по УДК | 615.03 |
| УДК - код + определител | 615.03 |
| 100 1# - Редна дума - Автор | |
| Автор | Арнаудов, Георги Димитров |
| Авторска отговорност | първи автор |
| R(LIN) | 280587 |
| 139 ## - Редно поле | |
| Редна дума | Арнаудов, Георги Димитров |
| Авторски знак | Арн - А 87 |
| 245 10 - Сведения за заглавието | |
| Заглавие | Лекарствена терапия |
| Редно поле (дума) | Георги Димитров Арнаудов |
| 250 ## - Област на изданието | |
| Сведения за изданието | 3. прераб. и доп. изд. |
| 257 ## - Страна на издаване | |
| Страна на създаване/издаване | България |
| 260 ## - Област на издателските данни | |
| Място на издаване, разпространение и проч. | София |
| Име на издателя, разпространителя и проч. | Медицина и физкултура |
| Година на издаване | 1957 |
| 300 ## - Физическа характеристика | |
| Страници | ХIV, 1028 с. |
| Размери/Мащаб | 21 см |
| 380 ## - Жанр | |
| Жанр | Медицина |
| 500 ## - Общи забележки | |
| Забележка | 1. изд. 1942 със загл. Практическа лекарствена терапия с рецептурен сб. изд. на печ. Хр. Г. Данов - София. |
| 650 #4 - Допълнително описание по предмет – тема | |
| Основно описание – тема или топоним | Фармакотерапия |
| 9 (RLIN) | 175157 |
| 650 #4 - Допълнително описание по предмет – тема | |
| Основно описание – тема или топоним | Лекарствени средства |
| 9 (RLIN) | 280590 |
| 653 ## - Ключова дума – ненормативна | |
| Ключова дума | фармакотерапия |
| 852 ## - Местоположение | |
| Форматна сигнатура | Цб 6847 |
| Фондова буква | Основен фонд - ползва се само за читалня |
| 856 4# - Електронен адрес и достъп | |
| Електронен формат | pdf - файл |
| 856 4# - Електронен адрес и достъп | |
| Електронен формат | pdf - файл |
| 999 ## - СИСТЕМНИ КОНТРОЛНИ НОМЕРА | |
| Koha biblionumber | 124102 |
| Koha biblioitemnumber | 124102 |
| 942 ## - АРТИКУЛИ | |
| Вид на библиотечния материал | Книги |
| Скрит в OPAC | Не |
| Периодичен библиозапис | Да |
| 944 ## - СЪЗДАВАНЕ И РЕДАКЦИЯ на ЗАПИСА | |
| Създаване/Редакция | Създаване |
| Дата на регистрацията/редакция | 18.04.2012 |
| Статус, дата на статуса | 18.04.2012 - от С1,Р / 18.04.2012 |
| Служител, извършил регистрацията/редакцията | Людмила_Стоянова |
| 944 ## - СЪЗДАВАНЕ И РЕДАКЦИЯ на ЗАПИСА | |
| Създаване/Редакция | Редакция |
| Дата на регистрацията/редакция | 2021-10-13 |
| Статус, дата на статуса | 2021-10-13 |
| Служител, извършил регистрацията/редакцията | К.Д. |
| 999 ## - СИСТЕМНИ КОНТРОЛНИ НОМЕРА | |
| Koha biblioitemnumber | 124102 |
| Код за отписване | Код за изгубен артикул | Източник на класификационната схема | Код за повреда | Коз за рестрикции | Код за отдаване | Артикулен № | Име на библиотеката - собственик | Име на библиотеката, в която се намира в момента | Статус (Текущо местоположение) | Дата на вписване в системата | Местоположение - отдел | Цена в лева | Инвентарен номер | Систематично азбучна сигнатура | Баркод | Номер на екземпляра | Цена в евро | Служебна бележка | Служебен тип на артикула | Бележка за публиката |
|---|---|---|---|---|---|---|---|---|---|---|---|---|---|---|---|---|---|---|---|---|
| Не е изгубен | Universal Decimal Classification | Не е повреден | само за читалня | ползва се в читалня | 201168 | Регионална библиотека "Любен Каравелов" Русе | Регионална библиотека "Любен Каравелов" Русе | Хранилище | 1957-01-01 | Основен фонд - ползва се само за читалня | 2.70 | 507968 | Цб 6847 | 120000507968 | 1 | 1.38 | Вид: Сф Дата: 01.01.1957 | Книги | ||
| Изтеглен | Не е изгубен | Universal Decimal Classification | Не е повреден | без рестрикции | заемане за дома | 201169 | Регионална библиотека "Любен Каравелов" Русе | Регионална библиотека "Любен Каравелов" Русе | Заемна - подръчен фонд | 1957-01-01 | Заемна - подръчен фонд | 0.00 | 10551/57 | П 615/А 87 | 10551/57 | 2 | 0.00 | Вид: Сф Дата: 01.01.1957 | Книги | |
| Изтеглен | Не е изгубен | Не е повреден | без рестрикции | заемане за дома | 201170 | Регионална библиотека "Любен Каравелов" Русе | Регионална библиотека "Любен Каравелов" Русе | 1957-01-01 | Заемна - подръчен фонд | 1.90 | 602231 | П 615/А 87 | 602231 | 3 | 0.97 | Вид: Сф Дата: 01.01.1957 | Книги | Отч.N: 3 , Дата: 17.01.2018 |